Les pierres précieuses et le signe zodiacal - Statistiques

Statistiques générales
  • Ce quiz a été pris 73 fois
  • Le résultat moyen est 2 sur 12
Statistiques - réponses
Hint Réponse % Correct
Onyx Capricorne
27%
Diamant Lion
24%
Aigue marine Poissons
24%
Jade Balance
22%
Rubis Bélier
22%
Turquoise Sagittaire
18%
Emeraude Taureau
18%
Lapis-lazuli Cancer
11%
Grenat Scorpion
11%
Opale Vierge
9%
Améthyste Verseau
7%
Saphir Gémeaux
4%
Aucun quiz correspondant
Distribution des résultats
% des personnes avec chaque résultat
Percentile par nombre de réponses
Votre historique - résultats
Vous n’avez pas pris ce quiz